000 00533nam a2200193Ia 4500
003 OSt
005 20191212153546.0
008 190216s9999||||xx |||||||||||||| ||und||
020 _a9788177586480
040 _coclc
082 _a338.5
_bDWI/M
100 _aDwivedi, D N
_9463
245 0 _aMicroeconomics Theory And Applications /
_cD N Dwivedi
250 _a1st
260 _bPearson Education,
_aDelhi:
_c2006.
300 _a624p
650 _aEconomics
942 _cBK
_2ddc
_h338.5
_iDWI/M
_k338.5
_mDWI/M
999 _c10948
_d10948